| 000 | 01640nam a2200181Ia 4500 | ||
|---|---|---|---|
| 005 | 20241023125314.0 | ||
| 008 | 241023s9999 xx 000 0 und d | ||
| 040 | _cLDD | ||
| 100 | _aHazir, Oguzhan | ||
| 245 | 0 | _aTo what extent does distance learning support the development of positive attitudes towards inclusive education: a comparison of primary education trainee teachers in England and Türkiye? | |
| 260 |
_aUnited Kingdom _bTaylor & Francis _c2024 |
||
| 490 |
_aEuropean Journal of Special Needs Education _v39(4) |
||
| 500 | _aThis study examines how distance learning, which took place during COVID-19 restrictions, influenced the attitudes of primary education trainee teachers in Türkiye and England towards inclusive education for students with special educational needs and disabilities. In total, 136 Turkish, and 25 English primary trainee teachers completed the TAIS survey, and a further, 14 Turkish and two English trainees, participated in semi-structured and scenario-based interviews. The quantitative data showed that both countries’ trainees’ attitudes level were high, but English trainees` attitude were more positive than the Turkish trainees. However, the qualitative data indicated that the absence of direct, practical experience was a major concern, and most felt the need to gain direct experience starting from their first year of teaching about inclusive teaching practices. | ||
| 650 | _aTrainee teachersinclusive educationattitude | ||
| 700 | _aHarris, Richard | ||
| 856 |
_yclick here to online access _uhttps://www.tandfonline.com/doi/full/10.1080/08856257.2023.2242028 |
||
| 942 | _cARTICLES | ||
| 999 |
_c174916 _d174916 |
||